Filosofie del Novecento (Le) (Record n. 65459)
[ formato base ]
| 000 -LEADER | |
|---|---|
| fixed length control field | 02181nam a2200325Ia 4500 |
| 001 - CONTROL NUMBER | |
| control field | H2838 |
| 003 - CONTROL NUMBER IDENTIFIER | |
| control field | IT-RoPAU |
| 008 - FIXED-LENGTH DATA ELEMENTS--GENERAL INFORMATION | |
| fixed length control field | 130308s9999 xx 000 0 und d |
| 040 ## - CATALOGING SOURCE | |
| Original cataloging agency | IT-RoPAU |
| 040 ## - CATALOGING SOURCE | |
| Transcribing agency | IT-RoPAU |
| 041 ## - LANGUAGE CODE | |
| Language code of text/sound track or separate title | ITALIANO |
| 999 ## - SYSTEM CONTROL NUMBERS (KOHA) | |
| Koha Dewey Subclass [OBSOLETE] | SI |
| 100 ## - MAIN ENTRY--PERSONAL NAME | |
| Personal name | Fornero Giovanni |
| 100 ## - MAIN ENTRY--PERSONAL NAME | |
| Miscellaneous information | Codice Aut. SPICS: 57137 |
| 245 ## - TITLE STATEMENT | |
| Title | Filosofie del Novecento (Le) |
| 245 ## - TITLE STATEMENT | |
| Remainder of title | Filosofie del Novecento (Le) |
| 250 ## - EDITION STATEMENT | |
| Edition statement | 1a ed. |
| 260 ## - PUBLICATION, DISTRIBUTION, ETC. (IMPRINT) | |
| Place of publication, distribution, etc. | MILANO |
| 260 ## - PUBLICATION, DISTRIBUTION, ETC. (IMPRINT) | |
| Name of publisher, distributor, etc. | Mondadori Bruno |
| 260 ## - PUBLICATION, DISTRIBUTION, ETC. (IMPRINT) | |
| Date of publication, distribution, etc. | 2002 [1° Ed.:2002 - Ed.Ling.Originale:2002] |
| 300 ## - PHYSICAL DESCRIPTION | |
| Extent | "1608 p. (prefazione: 18; testo: 1590 [pagine: 0-0])" |
| 500 ## - GENERAL NOTE | |
| General note | Ampia ricostruzione Storica del pensiero Occidentale del Novecento, con Scientificità e chiarezza di Forma Espositiva. Dall'Indice: Dall'Ottocento al Novecento: Nietsche e Crisi delle Certezze. Matematica, Logica e Fisica: Crisi dei Fondamenti. Rivoluzione Psicoanalitica. Neocriticismo e Storicismo. Cassirer: Filosofia delle forme Simboliche. Weber: Sociologia e Filosofia della Modernità. Spiritualismo. Bergsonismo. storicismo di croce . Gentile: Filosofia dell'Atto. pragmatismo Americano ed Europeo. Dewey: pragmatismo e Neoilluminismo. Russell: Scettico Appassionato. Marxismo Dopo Marx. Gramsci: marxista Creativo. Scuola di Francoforte, Benjamin e Freudomarxismo. Husserl e Movimento Fenomenologico. Esistenzialismo. Heidegger. Jaspers. Sartre. Wittgenstein. Neopositivismo. Filosofia Analitica. Neoscolastica, Maritain e Filosofie Neoclassiche. pensiero Tragico. Popper: Epistemologia e Filosofia Politica. Strutturalismo. Derrida e Il Decostruzionismo. Postmoderno e Sue Filosofie. Habermas e Apel. Femminismo e Filosofia. Putnam: Logica, Filosofia del Linguaggio e Riflessione Etica. Jonas: Filosofia ed Ecologia. Filosofia della Scienza. Filosofia Analitica. Filosofia della Mente. Intelligenza Artificiale e Filosofia. Sviluppi della Riflessione Politica. Etica e Bioetica... indice dei Nomi. |
| 650 ## - SUBJECT ADDED ENTRY--TOPICAL TERM | |
| Topical term or geographic name as entry element | LOGICA FILOSOFICA |
| 650 ## - SUBJECT ADDED ENTRY--TOPICAL TERM | |
| Relator term | Codice materia Spics: 3151 |
| 700 ## - ADDED ENTRY--PERSONAL NAME | |
| Personal name | Tassinari SalvatoreAA.VV. |
| 700 ## - ADDED ENTRY--PERSONAL NAME | |
| Miscellaneous information | Codice Aut. SPICS: 57138Codice Aut. SPICS: 12000 |
| 942 ## - ADDED ENTRY ELEMENTS (KOHA) | |
| Koha item type | LIBRO |
| 957 ## - | |
| -- | 1 |
| 999 ## - SYSTEM CONTROL NUMBERS (KOHA) | |
| -- | 1 |
| Withdrawn status | Lost status | Damaged status | Not for loan | Home library | Current library | Date acquired | Total Checkouts | Full call number | Date last seen | Price effective from | Koha item type | Public note |
|---|---|---|---|---|---|---|---|---|---|---|---|---|
| Buone Condizioni | Not For Loan | SPICS-MEDIATECA | SPICS-MEDIATECA | 08/03/2013 | H2838 | 08/03/2013 | 08/03/2013 | LIBRO | Progressivo inserimento: 1986 / N. Volumi: 1 Copie: 1 Copia Rara: SI / data import: 1 marzo 2013 - By Epidotti, Trombetti, Vaglietti. |